| 000 | 02293nam a2200397 a 4500 | ||
|---|---|---|---|
| 001 | ebr10381236 | ||
| 003 | CaPaEBR | ||
| 006 | m u | ||
| 007 | cr cn||||||||| | ||
| 008 | 090702s2009 dcu sb 001 0 eng | ||
| 010 | _z 2009026846 | ||
| 015 |
_aGBA989607 _2bnb |
||
| 016 | 7 |
_z015367190 _2Uk |
|
| 020 | _z9781596985728 | ||
| 020 | _z1596985720 | ||
| 040 |
_aCaPaEBR _cCaPaEBR |
||
| 035 | _a(OCoLC)647916354 | ||
| 043 | _an-us--- | ||
| 050 | 1 | 4 |
_aE839 _b.L365 2009eb |
| 082 | 0 | 4 |
_a973.92 _222 |
| 100 | 1 | _aLeaf, Jonathan. | |
| 245 | 1 | 4 |
_aThe politically incorrect guide to the sixties _h[electronic resource] / _c[Jonathan Leaf]. |
| 260 |
_aWashington, DC : _bRegnery Pub. ; _aNew York : _bDistributed by Perseus Distribution, _cc2009. |
||
| 300 | _axv, 247 p. | ||
| 504 | _aIncludes bibliographical references and index. | ||
| 505 | 0 | _aThe student radicals : who they were and which girls they wanted -- The sexual revolution and the start of feminism : where'd Mom and Pop go? -- Civil rights and uncivil wrongs : from freedom rides to "burn, baby burn" -- The intellectuals : did they have it all figured out? -- Rock 'n' roll : soundtrack to the sixties? -- Movies and TV : not great, but not yet decadent -- Mods, minis, wide ties, and Brooks Brothers : the best of sixties fashion -- To the moon, but at what price? -- The unwarranted court : Earl Warren and his battle against the Constitution -- Camelot as it really was -- Johnson's war on poverty--and common sense -- The Vietnam war : snatching defeat from the jaws of victory -- The birth of the counter counterculture. | |
| 533 |
_aElectronic reproduction. _bPalo Alto, Calif. : _cebrary, _d2013. _nAvailable via World Wide Web. _nAccess may be limited to ebrary affiliated libraries. |
||
| 650 | 0 |
_aPopular culture _zUnited States _xHistory _y20th century. |
|
| 651 | 0 |
_aUnited States _xHistory _y1961-1969. |
|
| 651 | 0 |
_aUnited States _xIntellectual life _y20th century. |
|
| 651 | 0 |
_aUnited States _xSocial life and customs _y1945-1970. |
|
| 651 | 0 |
_aUnited States _xSocial conditions _y1960-1980. |
|
| 655 | 7 |
_aElectronic books. _2local |
|
| 710 | 2 | _aebrary, Inc. | |
| 856 | 4 | 0 |
_uhttp://site.ebrary.com/lib/rucke/Doc?id=10381236 _zAn electronic book accessible through the World Wide Web; click to view |
| 999 |
_c102413 _d102413 |
||